000 02097cam a2200301 4500500
005 20260208005224.0
041 _afre
042 _adc
100 1 0 _aGroeninger, Fabien
_eauthor
700 1 0 _aWagnon, Sylvain
_eauthor
245 0 0 _aDes toilettes mixtes pour une appropriation non genrée de l’espace scolaire
260 _c2026.
500 _a88
520 _aL’article, en mobilisant une démarche socio-historique, analyse une expérimentation de toilettes mixtes menée dans un collège de l’Hérault (2022-2023) visant à promouvoir une appropriation non genrée de l’espace scolaire. Malgré une conception innovante, le projet a été mal compris, suscitant des résistances et des tensions, notamment liées à l’intimité et au harcèlement. L’expérience, arrêtée après un an, met en lumière les difficultés à déconstruire les normes de genre dans l’école et souligne l’importance d’un accompagnement éducatif pour repenser les espaces de manière inclusive.
520 _aThis article, using a socio-historical approach, analyzes an experiment with mixed-gender toilets conducted in a middle school in France (2022-2023), aimed at promoting a non-gendered appropriation of school space. Despite its innovative design, the project was misunderstood, generating resistance and tensions, particularly around issues of privacy and harassment. The experiment, discontinued after one year, highlights the challenges of deconstructing gender norms within schools and underscores the importance of educational support in rethinking spaces in an inclusive way.
690 _acollège
690 _acorps
690 _agenre
690 _amixité
690 _atoilettes scolaires
690 _abody
690 _agender
690 _amiddle school
690 _amixed-gender
690 _aschool toilets
786 0 _nSpirale - Revue de recherches en éducation | 77 | 1 | 2026-01-09 | p. 25-36 | 0994-3722
856 4 1 _uhttps://shs.cairn.info/revue-spirale-revue-de-recherches-en-education-2026-1-page-25?lang=fr&redirect-ssocas=7080
999 _c1651138
_d1651138